Estadísticas para Las siete colinas de Roma

Haz click aquí para intentar la prueba.

Estadísticas generales

  • Esta prueba ha sido intentada 440 veces
  • La puntuación promedio es 4 de 7

Respuestas en el mapa

Las respuestas están codificadas por una escala verde-roja en el mapa de la prueba según el % correcto abajo.
 

Estadísticas de respuestas

Colina% Correcto
Palatino
85%
Quirinal
72%
Aventino
70%
Capitolino
58%
Celio
55%
Esquilino
53%
Viminal
52%

Distribución de puntuación

Porcentaje por número respondido

Porcentaje de gente con cada puntuación

Historial de tus puntuaciones

No has intentado esta prueba.